000
00301nam a22001337a 4500
008
181101b xxu||||| |||| 00| 0 eng d
020
_a
9780822335689
041
_a
eng
080
_2
2nd
_a
610
100
_a
4
101
_a
SHM
245
_a
The Social Medicine Reader
_c
King,N,M.P
942
_2
udc
_c
BK
999
_c
51415
_d
51415